| 000 | 01477cam a22003737a 4500 | ||
|---|---|---|---|
| 003 | CHAP | ||
| 005 | 20220329142646.0 | ||
| 008 | 020814d2002 mx bd r 00110 spa d | ||
| 010 | _a86087 | ||
| 011 | _a87059 | ||
| 035 | _a97600 | ||
| 040 | _cCHAP | ||
| 090 | _aTesis | ||
| 100 | 0 | 0 |
_aAyala López, Ricardo Salvador. _98952 |
| 245 | 1 | 0 |
_aEvaluación de la sustentabilidad en la unidad de manejo forestal del ejido Coapilla, municipio de Coapilla, Chiapas _c/por Ricardo Salvador Ayala López |
| 260 |
_aSan Cristóbal de las casas, Chis. : _bEl autor, _c2002 |
||
| 300 |
_a124 h. : _bgráfs. ; mapa ; cuadros ; organigrama |
||
| 502 | _aTesis (M.C. en Desarrollo Rural Regional) -- UACH. Dirección de Centros Regionales | ||
| 590 |
_aALEPH _b10 _c20130110 _lUCH01 _h1448 |
||
| 590 |
_aBATCH-UPD _b10 _c20130110 _lUCH01 _h0457 |
||
| 590 |
_aBATCH-UPD _b10 _c20130410 _lUCH01 _h0134 |
||
| 590 |
_aBATCH-UPD _b10 _c20130914 _lUCH01 _h0459 |
||
| 590 |
_aCONVERSION _b10 _c20130109 _lUCH01 _h1348 |
||
| 650 | 1 | 4 |
_aBosques _xAdministración _xChiapas. _914012 |
| 650 | 1 | 4 |
_aDesarrollo sustentable _zChiapas. _932099 |
| 650 | 1 | 4 |
_aEjido Coapilla, Chis. _935856 |
| 650 | 1 | 4 |
_aPolítica forestal _xChiapas. _990573 |
| 650 | 1 | 4 |
_aSilvicultura sustentable. _9106136 |
| 901 | _aBK | ||
| 905 | _aMarco A. Mendoza T. | ||
| 942 | _cFOLL | ||
| 949 |
_aTesis _bBC _cTES _d33724000870168 _eTS2 _fc.2 _gDonaciØn _h39672 _i97600 _sb |
||
| 949 |
_aTesis _bBC _cTES _d976001 _eTS1 _gDonaciØn _h39671 _i97600 _sb |
||
| 999 |
_c86087 _d86087 |
||